000 00631nas a2200217 4500
001 BR8602350
003 BR-BrBNA
005 20231205090447.0
007 ta
008 230509b bl.|||p| |||| 00| 00por d
040 _aBR-BrBNA
_bpor
_cBiblioteca Nacional de Agricultura
041 _a(Pt)
072 _aL70
100 1 _aAnon.
245 1 _aEsquemas de avaliacao sanitaria do pinto de corte
650 _aPINTO DE CORTE
650 _aVETERINARIA
773 0 _tAvicultura Industrial (Brazil)
_xISSN 0101-2258
_g(Jun 1986), v. 76(918) p. 20-21
_wBR8602350
909 _a202311
_bLúcia
_c55
_dLúcia Elande
942 _2AGRIS
_n0
_cANA
999 _c118581
_d118581